Jugadores Argentina #1 - Estadísticas

Estadísticas generales
  • Esta prueba ha sido intentada 112 veces
  • La puntuación promedio es 19 de 20
Estadísticas de respuestas
Imagen Respuesta % Correcto
Di Maria
99%
Julian Alvarez
99%
Messi
99%
De Paul
97%
Dybala
97%
Enzo Fernandez
97%
Garnacho
97%
Dibu Martinez
96%
Lautaro Martinez
96%
Cuti Romero
93%
Mac Allister
93%
Otamendi
93%
Paredes
93%
Acuña
92%
Correa
92%
Lisandro Martinez
92%
Lo Celso
92%
Foyth
88%
Montiel
88%
Rojo
85%
No se encontraron pruebas coincidentes
Distribución de puntuación
Porcentaje de gente con cada puntuación
Porcentaje por número respondido
Historial de tus puntuaciones
No has intentado esta prueba.